000
00272nam a22001217a 4500
008
180807b xxu||||| |||| 00| 0 eng d
082
_a
813.52
245
_a
IT Simulations CD
_c
Pearson
260
_c
2012
300
_a
1
_f
CD
440
_x
9780132653015
942
_2
ddc
_c
MX
999
_c
46902
_d
46902